| 000 | 01317nam a2200229Ia 4500 | ||
|---|---|---|---|
| 999 |
_c39190 _d39190 |
||
| 001 | 5775 | ||
| 003 | GE_BSU | ||
| 005 | 20190520153805.0 | ||
| 008 | 181216s1975||||ge |||||||||||||| ||geo|| | ||
| 040 | _cGE_BSU | ||
| 041 | _ageo | ||
| 080 | _a629.113(072) + 629.3.014.2 ნ-23 | ||
| 100 |
_aნამორაძე, ა. _91410 |
||
| 245 |
_aავტომობილები და ტრაქტორები პირველი ნაწილი საავტომობილო და სატრაქტორო ძრავების მოწყობილობა და კონსტრუქცია : _bსახელმძღვ. / _cა. ნამორაძე ; რედ. ჩ. გურგენიძე. |
||
| 264 |
_aთბილისი : _bგანათლება, _c1975. |
||
| 300 |
_a335 გვ. : _bილ. ; _c27 სმ. |
||
| 504 | _aბიბლიოგრ. : გვ.332. | ||
| 653 | _aავტომობილები და ტრაქტორები | ||
| 653 | _aსაავტომობილო და სატრაქტორო ძრავების მოწყობილობა და კონსტრუქცია | ||
| 700 |
_aგურგენიძე, ჩ. _eრედაქტორი _91411 |
||
| 942 |
_cBK _2udc |
||